Cohen's Pathways of the Pulp-2 / (Record no. 33918)
[ view plain ]
| 000 -LEADER | |
|---|---|
| fixed length control field | 00626nam a22002177a 4500 |
| 005 - DATE AND TIME OF LATEST TRANSACTION | |
| control field | 20240223145801.0 |
| 008 - FIXED-LENGTH DATA ELEMENTS--GENERAL INFORMATION | |
| fixed length control field | 231016b |||||||| |||| 00| 0 eng d |
| 020 ## - INTERNATIONAL STANDARD BOOK NUMBER | |
| ISBN | 9780323673037 |
| 082 ## - DEWEY DECIMAL CLASSIFICATION NUMBER | |
| Classification number | 617.6342 |
| Item number | COH-P |
| 100 ## - MAIN ENTRY--AUTHOR | |
| Author Name | Cohen, Stephen |
| 245 ## - TITLE STATEMENT | |
| Title | Cohen's Pathways of the Pulp-2 / |
| Remainder of title | [Editor] Louis H . Berhman , Kenneth M . Hargreaves |
| 250 ## - EDITION STATEMENT | |
| Edition statement | 12th ed. |
| 260 ## - PUBLICATION, DISTRIBUTION, ETC. | |
| Place of Publication | Canada : |
| Name of publisher, distributor, etc. | Elsevier ; |
| Date of publication, distribution, etc. | 2021 . |
| 300 ## - PHYSICAL DESCRIPTION | |
| Pages | x , 955 p. : |
| 490 ## - SERIES STATEMENT | |
| Volume | Vol-2 |
| 500 ## - GENERAL NOTE | |
| General note | Index Given. |
| 650 ## - SUBJECT ADDED ENTRY--TOPICAL TERM | |
| Subject / Department | Dentistry / Medical |
| 700 ## - ADDED ENTRY--PERSONAL NAME | |
| Personal name | Louis H . Berhman |
| 700 ## - ADDED ENTRY--PERSONAL NAME | |
| Personal name | Kenneth M . Hargreaves |
| 300 ## - PHYSICAL DESCRIPTION | |
| -- | ill ; |
| -- | 27 cm . |
| 952 ## - LOCATION AND ITEM INFORMATION (KOHA) | |
| -- | 0 |
| -- | 0 |
| 952 ## - LOCATION AND ITEM INFORMATION (KOHA) | |
| -- | 0 |
| -- | 0 |
| 952 ## - LOCATION AND ITEM INFORMATION (KOHA) | |
| -- | 0 |
| -- | 0 |
| 952 ## - LOCATION AND ITEM INFORMATION (KOHA) | |
| -- | 0 |
| -- | 0 |
| 952 ## - LOCATION AND ITEM INFORMATION (KOHA) | |
| -- | 0 |
| -- | 0 |
| 952 ## - LOCATION AND ITEM INFORMATION (KOHA) | |
| -- | 0 |
| -- | 0 |
| Lost status | Damaged status | Collection code | Permanent Location | Current Location | Shelving Location | Date acquired | Full Call Number | Accession No./Barcode | Date last seen | Copy number | item type | Koha item type |
|---|---|---|---|---|---|---|---|---|---|---|---|---|
| Medical | Superior Information Resource Center (SIRC) Superior University- Main Campus | Superior Information Resource Center (SIRC) Superior University- Main Campus | Dentistry | 10/16/2023 | 617.342 CHO-P 2021 | 20858 | 03/01/2024 | 1 | BOOK | BOOK | ||
| Medical | Superior Information Resource Center (SIRC) Superior University- Main Campus | Superior Information Resource Center (SIRC) Superior University- Main Campus | Dentistry | 10/16/2023 | 617.342 CHO-P 2021 | 20859 | 10/16/2023 | 2 | BOOK | BOOK | ||
| Medical | Superior Information Resource Center (SIRC) Superior University- Main Campus | Superior Information Resource Center (SIRC) Superior University- Main Campus | Dentistry | 10/16/2023 | 617.342 CHO-P 2021 | 20860 | 10/16/2023 | 3 | BOOK | BOOK | ||
| Medical | Superior Information Resource Center (SIRC) Superior University- Main Campus | Superior Information Resource Center (SIRC) Superior University- Main Campus | Dentistry | 10/30/2024 | 617.342 CHO-P 2021 | 29626 | 10/30/2024 | 4 | BOOK | BOOK | ||
| Medical | Superior Information Resource Center (SIRC) Superior University- Main Campus | Superior Information Resource Center (SIRC) Superior University- Main Campus | Dentistry | 10/30/2024 | 617.342 CHO-P 2021 | 29627 | 10/30/2024 | 5 | BOOK | BOOK | ||
| Medical | Superior Information Resource Center (SIRC) Superior University- Main Campus | Superior Information Resource Center (SIRC) Superior University- Main Campus | Dentistry | 10/30/2024 | 617.342 CHO-P 2021 | 29628 | 10/30/2024 | 6 | BOOK | BOOK |
